000 00723cam a2200205 4500
001 WB3631-54
008 000000n2000 000 0 eng u
035 _a(Sirsi) u107725
245 _aAccording to evidence
260 _c2000
490 _aEstates Gazette
_v(0031) 5 August 2000, 84(1)
520 _aIn "UCB Corporate Services Ltd v Halifax" the CA upheld the trial judge's ruling based on expert evidence that '90 day sale value' need not be less than open market value.
590 _aWB
650 _aUCB CORPORATE SERVICES LTD V HALIFAX (SW) LTD
650 _aNEGLIGENCE
650 _aMORTGAGE VALUATION
650 _aOPEN MARKET VALUE
690 _aPROPERTY-PROPERTY APPRAISAL AND VALUATION
942 _n0
999 _c64348
_d64348